00728nam a2200181 i 450000100060000000300090000600500170001500700030003200800410003510000270007624501340010326000380023730000380027565100740031385200210038799900170040895201210042536530ES-MaACL20230906155404.0t|030218s1918 xxk ||||1| eng d1 aBryant, Louise.93225110aSix red months in Russia b: an observer's account of Russia before and during the proletarian dictatorship / cby Louise Bryant. aLondon : bW. Heinemann, c[1918] aXIV, 299 p., 18 lám. ; c22 cm. 4aRusia-xHistoria-y1917-1921 Revolución-vRelatos personales.99339 aES-MaACLjG-6136 c36530d36530 00104070aATENEOMbATENEOMcDEPO2d2008-01-17eSCl0oG-6136p1038382r2023-02-23 00:00:00w2023-02-23yMONOGRAFIA